Personnages Dragon Ball - Statistiques

Statistiques générales
  • Ce quiz a été pris 182 fois
  • Le résultat moyen est 13 sur 15
Answers on the Grid
Answers color-coded by a green-red scale on the quiz's grid according to % correct below.
Son goku
Bulma
Son Gohan
Luffy
Itachi Uchiwa
Albator
Kirito
Vegeta
Nami
Trunks
Saitama
Tsunami
Naruto
Lucy
Gaara
Saber
Yuno
L
Elric
Astroboy
Piccolo
Cell
Chichi
Boo
C-17
C-18
Karin
Kamé senin
Lunch
Pilaf
 
Statistiques - réponses
Réponse % Correct
C-18
95%
C-17
94%
Chichi
94%
Boo
93%
Piccolo
93%
Son goku
93%
Cell
92%
Trunks
92%
Bulma
90%
Son Gohan
90%
Vegeta
90%
Kamé senin
82%
Pilaf
80%
Karin
71%
Lunch
70%
Aucun quiz correspondant
Distribution des résultats
% des personnes avec chaque résultat
Percentile par nombre de réponses
Votre historique - résultats
Vous n’avez pas pris ce quiz